Mastering communication / (Record no. 352677)
[ view plain ]
| 000 -LEADER | |
|---|---|
| fixed length control field | 01695 a2200289 4500 |
| 003 - CONTROL NUMBER IDENTIFIER | |
| control field | OSt |
| 005 - DATE AND TIME OF LATEST TRANSACTION | |
| control field | 20180116192341.0 |
| 008 - FIXED-LENGTH DATA ELEMENTS--GENERAL INFORMATION | |
| fixed length control field | 120525t xxu||||| |||| 00| 0 eng d |
| 020 ## - INTERNATIONAL STANDARD BOOK NUMBER | |
| International Standard Book Number | 0333665090 (paperback) |
| 020 ## - INTERNATIONAL STANDARD BOOK NUMBER | |
| International Standard Book Number | 9780333665091 (paperback) |
| 040 ## - CATALOGING SOURCE | |
| Transcribing agency | 0 |
| 082 ## - DEWEY DECIMAL CLASSIFICATION NUMBER | |
| Classification number | 651.7 |
| 100 1# - MAIN ENTRY--PERSONAL NAME | |
| Personal name | Stanton, Nicki. |
| 9 (RLIN) | 2302 |
| 245 10 - TITLE STATEMENT | |
| Title | Mastering communication / |
| Statement of responsibility, etc. | Nicki Stanton. |
| 250 ## - EDITION STATEMENT | |
| Edition statement | 3rd ed. |
| 260 ## - PUBLICATION, DISTRIBUTION, ETC. | |
| Place of publication, distribution, etc. | London : |
| Name of publisher, distributor, etc. | Palgrave Macmillan, |
| Date of publication, distribution, etc. | 1996. |
| 300 ## - PHYSICAL DESCRIPTION | |
| Extent | 424 p. : |
| Dimensions | 24 cm. |
| 490 1# - SERIES STATEMENT | |
| Series statement | Palgrave master s. |
| 500 ## - GENERAL NOTE | |
| General note | Include index . |
| 520 ## - SUMMARY, ETC. | |
| Summary, etc. | Effective communication is the key to success! This book is for anyone wishing to improve their communication skills and knowledge of the way in which communications function in organisations. * the third edition of this highly successful book has been fully revised to bring it fully up to date and incorporates latest electronic developments * covers the skills of speaking, writing, listening and effective reading * provides detailed guidance on telephoning, interviewing, meetings, speaking in public, letter and report writing, visual and non-verbal communication and the use of visual aids * contains useful sections on grammar and usage, checklists on spelling and commonly misused and confused words * activities, assignments, self-checks and exercises are included throughout. |
| 650 0# - SUBJECT ADDED ENTRY--TOPICAL TERM | |
| Topical term or geographic name entry element | Communication |
| 9 (RLIN) | 2303 |
| 650 0# - SUBJECT ADDED ENTRY--TOPICAL TERM | |
| Topical term or geographic name entry element | Communication in organizations |
| 9 (RLIN) | 2304 |
| 830 #0 - SERIES ADDED ENTRY--UNIFORM TITLE | |
| Uniform title | Palgrave master s. |
| 9 (RLIN) | 2305 |
| 856 40 - ELECTRONIC LOCATION AND ACCESS | |
| Materials specified | Amazon.com |
| Uniform Resource Identifier | <a href="http://www.amazon.com/exec/obidos/ASIN/0333665090/chopaconline-20">http://www.amazon.com/exec/obidos/ASIN/0333665090/chopaconline-20</a> |
| 942 ## - ADDED ENTRY ELEMENTS (KOHA) | |
| Institution code [OBSOLETE] | SADA |
| Koha item type | Book |
| Call number prefix | 651.7 STA 1996 |
| Source of classification or shelving scheme | |
| Withdrawn status | Lost status | Source of classification or shelving scheme | Damaged status | Not for loan | Permanent Location | Current Location | Date acquired | Total Checkouts | Full call number | Barcode | Date last seen | Date last checked out | Copy number | Price effective from | Koha item type |
|---|---|---|---|---|---|---|---|---|---|---|---|---|---|---|---|
| School of Art Design and Architecture (SADA) | School of Art Design and Architecture (SADA) | 03/24/2011 | 1 | 651.7 STA 1996 | SADA0000676 | 09/26/2011 | 09/23/2011 | 01 | 08/05/2011 | Book | |||||
| School of Art Design and Architecture (SADA) | School of Art Design and Architecture (SADA) | 03/24/2011 | 651.7 STA 1996 | SADA0000677 | 08/05/2011 | 02 | 08/05/2011 | Book |
